<?xml version="1.0" encoding="UTF-8"?><?xml-stylesheet type="text/xsl" href="static/style.xsl"?><OAI-PMH xmlns="http://www.openarchives.org/OAI/2.0/" xmlns:xsi="http://www.w3.org/2001/XMLSchema-instance" xsi:schemaLocation="http://www.openarchives.org/OAI/2.0/ http://www.openarchives.org/OAI/2.0/OAI-PMH.xsd"><responseDate>2026-06-07T15:51:08Z</responseDate><request verb="GetRecord" identifier="oai:docta.ucm.es:20.500.14352/103706" metadataPrefix="marc">https://docta.ucm.es/rest/oai/request</request><GetRecord><record><header><identifier>oai:docta.ucm.es:20.500.14352/103706</identifier><datestamp>2025-03-18T14:10:57Z</datestamp><setSpec>com_20.500.14352_14</setSpec><setSpec>col_20.500.14352_15</setSpec></header><metadata><record xmlns="http://www.loc.gov/MARC21/slim" xmlns:dcterms="http://purl.org/dc/terms/" xmlns:xsi="http://www.w3.org/2001/XMLSchema-instance" xmlns:doc="http://www.lyncode.com/xoai" xsi:schemaLocation="http://www.loc.gov/MARC21/slim http://www.loc.gov/standards/marcxml/schema/MARC21slim.xsd">
   <leader>00925njm 22002777a 4500</leader>
   <datafield ind2=" " ind1=" " tag="042">
      <subfield code="a">dc</subfield>
   </datafield>
   <datafield ind2=" " ind1=" " tag="720">
      <subfield code="a">Magán Uceda, Inés</subfield>
      <subfield code="e">author</subfield>
   </datafield>
   <datafield ind2=" " ind1=" " tag="720">
      <subfield code="a">Sanz Fernández, Jesús</subfield>
      <subfield code="e">author</subfield>
   </datafield>
   <datafield ind2=" " ind1=" " tag="720">
      <subfield code="a">Espinosa López, Regina</subfield>
      <subfield code="e">author</subfield>
   </datafield>
   <datafield ind2=" " ind1=" " tag="720">
      <subfield code="a">García Vera, María de La Paz</subfield>
      <subfield code="e">author</subfield>
   </datafield>
   <datafield ind2=" " ind1=" " tag="260">
      <subfield code="c">2013-05-03</subfield>
   </datafield>
   <datafield ind2=" " ind1=" " tag="520">
      <subfield code="a">El objetivo de este estudio ha siso analizar el perfil psicológico de la hipertensión arterial esencial (HTA-E) respecto a los siguientes constructos emocionales: ira rasgo, expresión y control de la ira, ansiedad, depresión y estrés, incluyéndose como novedad el análisis de los pensamientos automáticos y actitudes disfuncionales relacionadas con la ira-hostilidad. Para ello se comparo un grupo de 57 adultos con HTA-E mantenida con un grupo de 37 adultos con normotensión en diferentes medidas psicométricas de dichos constructos emocionales y cognitivos. Los resultados sugieren que las personas con HTA-E, en comparación a las normotensas, muestran niveles significativamente mas elevados de ansiedad y de pensamientos de afrontamiento de la ira-hostilidad así como una tendencia casi significativa a una mayor frecuencia de pensamientos hostiles y físicamente agresivos. Se discuten las implicaciones de estos hallazgos para los modelos psicológicos de la HTA-E y para el diseño o mejora de las intervenciones psicológicas en HTA-E.</subfield>
   </datafield>
   <datafield ind2=" " ind1=" " tag="520">
      <subfield code="a">This study was aimed at analyzing the psychological profile of essential hypertension (EHT) concerning the following emotional constructs: trait anger, anger expression and control, anxiety, depression, stress, and, as a novelty in comparison with previous scientific literature, automatic thoughts and dysfunctional attitudes related to anger-hostility. To do that, a group of 57 adults with sustained EHT was compared with a group of 37 adults with normotension on a variety of psychometric measures of those emotional and cognitive constructs. Results suggest that people with EHT, in comparison with normotensive, show significantly higher levels of anxiety and anger-hostility coping thoughts as well as an almost significant trend toward a higher frequency of hostile and physically aggressive thoughts. Implications of these findings for psychological models of EHT and for the design and improvement of psychological interventions in EHT are discussed.</subfield>
   </datafield>
   <datafield ind1="8" ind2=" " tag="024">
      <subfield code="a">Magán, I., Sanz, J., Espinosa, R., y García-Vera, M. P. (2013). Perfil emocional y cognitivo de la hipertensión arterial esencial mantenida frente a la normotensión. Clínica y Salud, 24(2), 67-76. https://doi.org/10.5093/cl2013a8</subfield>
   </datafield>
   <datafield ind1="8" ind2=" " tag="024">
      <subfield code="a">1130-5274</subfield>
   </datafield>
   <datafield ind1="8" ind2=" " tag="024">
      <subfield code="a">10.5093/cl2013a8</subfield>
   </datafield>
   <datafield ind1="8" ind2=" " tag="024">
      <subfield code="a">https://hdl.handle.net/20.500.14352/103706</subfield>
   </datafield>
   <datafield ind1="8" ind2=" " tag="024">
      <subfield code="a">2174-0550</subfield>
   </datafield>
   <datafield ind1="8" ind2=" " tag="024">
      <subfield code="a">https://doi.org/10.5093/cl2013a8</subfield>
   </datafield>
   <datafield ind1="8" ind2=" " tag="024">
      <subfield code="a">https://journals.copmadrid.org/clysa/archivos/cl2013v24n2a2.pdf</subfield>
   </datafield>
   <datafield ind1="8" ind2=" " tag="024">
      <subfield code="a">https://www.elsevier.es/es-revista-clinica-salud-364-articulo-perfil-emocional-cognitivo-hipertension-arterial-S1130527413700082</subfield>
   </datafield>
   <datafield ind2="0" ind1="0" tag="245">
      <subfield code="a">Perfil emocional y cognitivo de la hipertensión arterial esencial mantenida frente a la normotensión</subfield>
   </datafield>
</record></metadata></record></GetRecord></OAI-PMH>